| 000 | 00496nam a2200157 a 4500 | ||
|---|---|---|---|
| 001 | 000028022 | ||
| 005 | 20200930031302.0 | ||
| 008 | 110406s2003 dr 000 0 spa d | ||
| 020 | _a9993493806 | ||
| 040 |
_aDO-SdBNP _bspa _cBNPHU |
||
| 100 | 1 |
_aMaldonado Rolón, Bienvenido _d1951- _924836 |
|
| 245 | 1 | 0 |
_aPlayita mía / _cBienvenido Maldonado Rolón. |
| 260 |
_aSanto Domingo : _bEditorial Letra Gráfica, _c2003. |
||
| 500 | _aIncluye datos biográficos del autor en la solapa | ||
| 049 | _aBNPD | ||
| 999 |
_c27514 _d27514 |
||